[Event "Lille Luce op 6th"]
[Site "Lille"]
[Date "2015.05.07"]
[Round "5"]
[White "Manducher, Matthieu"]
[Black "Pruvost, Adeline"]
[Result "0-1"]
[WhiteElo "1457"]
[BlackElo "1587"]
[PlyCount "80"]
[EventDate "2015.05.04"]
[EventType "swiss"]
[EventRounds "9"]
[EventCountry "FRA"]
[SourceTitle "EXT 2017"]
[Source "ChessBase"]
[SourceDate "2016.10.25"]
[SourceVersion "1"]
[SourceVersionDate "2016.10.25"]
[SourceQuality "1"]

1. e4 c5 2. Nf3 Qa5 3. Nc3 Nc6 4. d4 cxd4 5. Nxd4 Nf6 6. f3 Nxd4 7. Qxd4 e5 8. Qd3 a6 9. Bd2 Qc7 10. 0-0-0 h6 11. Nd5 Nxd5 12. Qxd5 Qc5 13. Bc3 Qxd5 14. Rxd5 d6 15. Rd1 Be6 16. Bb4 Rc8 17. Bxd6 Bxd6 18. Rxd6 Bxa2 19. Rb6 Rc7 20. Bxa6 0-0 21. Rxb7 Rc6 22. Bb5 Rc5 23. Bd7 Ra8 24. Rb5 Rxb5 25. Bxb5 Bc4 26. Rd1 Ra1+ 27. Kd2 Rxd1+ 28. Kxd1 Bxb5 29. g3 g5 30. b3 Kf8 31. c4 Ba6 32. Kd2 Ke7 33. Kc3 Kd6 34. b4 Bb7 35. g4 Kc6 36. h3 f6 37. Kb3 Bc8 38. Ka4 Be6 39. c5 Bc4 40. Ka5 Bb5 0-1